000 00500nam a2200145 4500
082 _aMSITE-3 SAD
100 _aSadaf Munir
245 _aInvestigating the impact of curriculum revamping on first year students productivity skills
260 _aIslamabad
_bNUST-SEECS
_c2017
300 _a134p.
_eCD Includes
856 _uhttp://10.250.8.41:8080/xmlui/handle/123456789/21728
942 _2ddc
_cTHE
999 _c356201
_d356201